000 00278nam a2200121Ia 4500
008 191201s2019 xx 000 0 und d
100 _aHISRICH, Robert D & others
245 0 _aEnterpreneurship
250 _a10th
260 _bTMH
_aNEW DELHI
300 _a580
942 _2ddc
_cBK
999 _c8174
_d8174